L'incoronazione di Poppea (Record no. 189)

MARC details
000 -LEADER
fixed length control field 00904njm a22002417a 4500
008 - FIXED-LENGTH DATA ELEMENTS--GENERAL INFORMATION
fixed length control field 110324t xxu||||| |||| 00| 0 eng d
041 ## - LANGUAGE CODE
Language code of text/sound track or separate title ita
Language code of sung or spoken text ita
Language code of accompanying material other than librettos and transcripts eng
100 ## - MAIN ENTRY--PERSONAL NAME
Personal name Monteverdi, Claudio,
Dates associated with a name 1567-1643.
9 (RLIN) 357
240 10 - UNIFORM TITLE
Uniform title Incoronazione di Poppea
245 12 - TITLE STATEMENT
Title L'incoronazione di Poppea
Remainder of title Opera in a prologue and three acts
Statement of responsibility, etc. music by Claudio Monteverdi ; libretto by G.F. Busenello
Medium videorecording
260 ## - PUBLICATION, DISTRIBUTION, ETC.
Place of publication, distribution, etc. London
Name of publisher, distributor, etc. Decca
Date of publication, distribution, etc. 2008
300 ## - PHYSICAL DESCRIPTION
Extent 2 DVDs NTSC
306 ## - PLAYING TIME
Playing time 193 min (opera) 41 min (bonus)
500 ## - GENERAL NOTE
General note Opera in a prologue and three acts (1643)
500 ## - GENERAL NOTE
General note Reorded at the Glyndbourne Festival, June 2008
650 #0 - SUBJECT ADDED ENTRY--TOPICAL TERM
Topical term or geographic name entry element Operas.
9 (RLIN) 884
700 11 - ADDED ENTRY--PERSONAL NAME
Personal name Businello, Giovanni Francesco,
Dates associated with a name 1598-1659
9 (RLIN) 358
700 11 - ADDED ENTRY--PERSONAL NAME
Personal name De Niese, Danielle.
9 (RLIN) 333
700 11 - ADDED ENTRY--PERSONAL NAME
Personal name Coote, Alice
9 (RLIN) 359
700 11 - ADDED ENTRY--PERSONAL NAME
Personal name Haim, Emmanuelle
9 (RLIN) 360
710 ## - ADDED ENTRY--CORPORATE NAME
Corporate name or jurisdiction name as entry element Orchestra of the Age of Enlightenment.
9 (RLIN) 340
942 ## - ADDED ENTRY ELEMENTS (KOHA)
Source of classification or shelving scheme Dewey Decimal Classification
Koha item type Books
Holdings
Withdrawn status Lost status Damaged status Not for loan Collection Home library Current library Shelving location Date acquired Barcode Date last seen Price effective from Koha item type
        Non-fiction Midway Midway Audio visual 09/04/2014 39999000007930 09/04/2014 09/04/2014 Visual Materials